000
00343nam a2200133Ia 4500
008
190722s9999 xx 000 0 und d
020
_a
978-81-224-3142-1
100
_a
Subhadeep Bhattacharjee
245
0
_a
Solar Electricity Generation
250
_a
4th
260
_a
New Delhi
_b
New Age International
_c
2012
300
_a
730
942
_c
BK
999
_c
1055
_d
1055